Hertha BSC Squad 2022-2023 - Statistics

General Stats
  • This quiz has been taken 51 times
    44 since last reset
  • The average score is 18 of 33
Answer Stats
# Position Nation Player % Correct
- Coach Hungary Pál Dárdai
94%
31 DF Germany Márton Dárdai
89%
1 GK Denmark Oliver Christensen
86%
2 DF Slovakia Peter Pekarík
77%
6 MF Czech Republic Vladimír Darida
74%
14 FW Belgium Dodi Lukébakio
71%
27 MF Ghana Kevin-Prince Boateng
69%
3 DF Uruguay Agustín Rogel
66%
36 DF Netherlands Deyovaisio Zeefuik
66%
7 FW Germany Florian Niederlechner
66%
6 MF Turkey Tolga Ciğerci
66%
29 MF France Lucas Tousart
63%
19 FW Montenegro Stevan Jovetić
63%
8 MF Germany Suat Serdar
60%
5 DF Croatia Filip Uremović
57%
16 DF England Jonjoe Kenny
57%
23 FW Germany Marco Richter
54%
- Coach Germany Sandro Schwarz
54%
18 FW Ivory Coast Wilfried Kanga
54%
21 DF Germany Marvin Plattenhardt
49%
44 DF Germany Linus Gechter
46%
17 DF Germany Maximilian Mittelstädt
46%
7 FW Germany Davie Selke
43%
10 MF Netherlands Jean-Paul Boëtius
40%
34 MF Croatia Ivan Šunjić
34%
20 DF Germany Marc Oliver Kempf
34%
11 FW France Myziane Maolida
34%
12 GK Germany Tjark Ernst
34%
39 FW Germany Derry Scherhant
31%
28 FW France Kélian Nsona
31%
24 FW Germany Jessic Ngankam
29%
40 FW Nigeria Chidera Ejuke
26%
42 DF Germany Julian Eitschberger
17%
No matching quizzes found
Score Distribution
Percent of People with Each Score
Percentile by Number Answered
Your Score History
You have not taken this quiz since the last reset